[Event "Wattens op"]
[Site "Wattens"]
[Date "1994.??.??"]
[Round "5"]
[White "Tomescu, Vlad"]
[Black "Wachinger, Guenther"]
[Result "1-0"]
[WhiteElo "2355"]
[BlackElo "2300"]

1.e4 c5 2.Nf3 e6 3.d4 cxd4 4.Nxd4 Nc6 5.Nc3 a6 6.g3 Qc7 7.Bg2 d6 8.O-O Be7
9.Re1 Bd7 10.a4 Nf6 11.Nb3 O-O 12.f4 Nb4 13.Be3 e5 14.a5 Rfe8 15.Qd2 Be6
16.Ra4 Bxb3 17.Rxb4 Be6 18.Bb6 Qc8 19.Nd5 Bxd5 20.exd5 exf4 21.Rxf4 Nd7 22.Rfe4 Ne5
23.Rxe5 dxe5 24.d6 Qd7 25.Rxe5 Bf6 26.Rxe8+ Rxe8 27.c4 Bd8 28.Bxd8 Rxd8 29.c5 Qf5
30.b4 Qb1+ 31.Kf2 Qf5+ 32.Bf3 h5 33.Kg2 Rd7 34.h4 g6 35.Qe2 Kg7 36.Qe8 Qc2+
37.Kg1 Qc1+ 38.Kh2 Qc2+ 39.Bg2 Qf5 40.Bh3 Qc2+ 41.Bg2 Qf5 42.Qe2 Qf6 43.Qd2 Qe5
44.Bd5 Qe8 45.Qd4+ Kh7 46.Qe4 Qc8 47.Qf3 Kg7 48.Kg2 Qb8 49.Kf2 Qc8 50.Ke3 Qe8+
51.Qe4 Qb8 52.Kd3 Qc8 53.Qe5+ Kh7 54.Kc3 Qd8 55.Kb3 Qf8 56.Qe4 Qb8 57.Qf3 Kg7
58.Ka2 Qe8 59.Qe4 Qc8 60.Ka3 Kh7 61.Kb3 Qb8 62.Qf3 Kg7 63.Ka2 Qc8 64.Ka3 Qb8
65.Bxb7 Rxb7 66.c6 Rb5 67.Qc3+ Kh7 68.c7  1-0

[Event "Wattens op"]
[Site "Wattens"]
[Date "1994.??.??"]
[Round "9"]
[White "Doskocil, Klaus"]
[Black "Schmied, Roman"]
[Result "1-0"]
[WhiteElo "2060"]
[BlackElo "1915"]

1.e4 c5 2.Nf3 e6 3.d4 cxd4 4.Nxd4 Nc6 5.Nc3 a6 6.Be2 Qc7 7.O-O Nf6 8.a4 Bb4
9.Na2 Bd6 10.Nxc6 bxc6 11.g3 Nxe4 12.Qd4 Nf6 13.Bg5 Be5 14.Qh4 c5 15.c3 Nd5
16.Bf3 Bb7 17.Rae1 Bf6 18.Bxd5 Bxd5 19.Bxf6 gxf6 20.c4 Bb7 21.Qxf6 Qc6 22.f3 Rg8
23.Nc3 Qd6 24.Kh1 Qe7 25.Qf4 O-O-O 26.Nd5 d6 27.Nxe7+  1-0

[Event "Werfen op-B"]
[Site "Werfen"]
[Date "1994.??.??"]
[Round "2"]
[White "Wenger, Anton"]
[Black "Singer, Felix"]
[Result "0-1"]
[WhiteElo "1670"]
[BlackElo "1850"]

1.e4 c5 2.Nf3 Nc6 3.Nc3 e6 4.d4 cxd4 5.Nxd4 a6 6.Be3 Nf6 7.Be2 d6 8.Qd2 Qc7
9.a3 Be7 10.h3 Bd7 11.O-O-O Nxd4 12.Qxd4 e5 13.Qd2 h6 14.g4 Bc6 15.f3 O-O-O
16.Nd5 Bxd5 17.exd5 Nd7 18.Kb1 Kb8 19.Qb4 Nc5 20.Bxc5 dxc5 21.Qe4 g6 22.Rd3 Qd6
23.Rhd1 Rd7 24.Rb3 Ka7 25.Re3 Bf6 26.c4 Re8 27.Qc2 Bh4 28.b4 Bf2 29.Rb3 b6
30.Bd3 Bd4 31.Qd2 Rh8 32.a4 cxb4 33.Qxb4 Bc5 34.Qd2 a5 35.Rc1 h5 36.Rb5 hxg4
37.hxg4 Bb4 38.Qf2 Bc5 39.Qg2 Qf6 40.Qg3 Bd4 41.Be4 Rc7 42.Rb3 Qg5 43.Rd3 Rhc8
44.Rxd4 exd4 45.Qd6 Qe3 46.Qf6 Qb3+ 47.Ka1 Qxa4+ 48.Kb1 Qb3+ 49.Ka1 Rxc4
50.Qxf7+ Ka6  0-1

[Event "Wuerzburg op"]
[Site "Wuerzburg"]
[Date "1994.??.??"]
[Round "3"]
[White "Mainka, Romuald"]
[Black "Pytel, Krzysztof"]
[Result "1-0"]
[WhiteElo "2480"]
[BlackElo "2445"]

1.e4 c5 2.Nf3 e6 3.d4 cxd4 4.Nxd4 Nc6 5.Nc3 a6 6.Be3 Qc7 7.Bd3 Nf6 8.O-O b5
9.Nxc6 dxc6 10.f4 Bb7 11.e5 Nd5 12.Nxd5 cxd5 13.Kh1 Bc5 14.Bxc5 Qxc5 15.Qh5 g6
16.Qh6 Qf8 17.Qg5 Qe7 18.a4 b4 19.a5 Bc6 20.Qh6 Qf8 21.Qh4 Qe7 22.Qf2 Qa7
23.Qe2 Qb7 24.Rf3 h5 25.Rh3 Rg8 26.Qf2 Rb8 27.Be2 Bb5 28.Bd1 Qc7 29.c3 Qc4
30.Bc2 Qe2 31.Qa7 Rd8 32.Rc1 b3 33.Bb1 Qxb2 34.Rg1 Qd2 35.Rg3 h4 36.Rh3 Rh8
37.Qb6 Bc4 38.Bxg6 Rg8 39.Qxe6+  1-0

[Event "ARM-ch"]
[Site "Yerevan"]
[Date "1994.??.??"]
[Round "?"]
[White "Mnatsakanian, Eduard A"]
[Black "Manukian, Lernik"]
[Result "1-0"]
[WhiteElo "2390"]
[BlackElo "2345"]

1.e4 c5 2.Nf3 Nc6 3.d4 cxd4 4.Nxd4 e6 5.Nc3 d6 6.g3 Nf6 7.Bg2 Bd7 8.O-O Be7
9.Re1 O-O 10.Be3 Ne5 11.h3 a6 12.a4 Rc8 13.Qe2 Nc4 14.Bc1 Qc7 15.b3 Qa5 16.Nd1 Ne5
17.Ba3 Ng6 18.Ne3 d5 19.Bxe7 Nxe7 20.exd5 exd5 21.Red1 Qc3 22.Rab1 Rcd8 23.Qf3 Qc8
24.Kh2 Ne4 25.Rd3 f5 26.Rf1 Kh8 27.Ne2 Bc6 28.Rd4 g5 29.Nd1 f4 30.g4 Ng6
31.Ng1 Qc7 32.Kh1 Qg7 33.c3 Rde8 34.Qd3 Ne5 35.Qe2 h5 36.Bf3 h4 37.Qc2 Qh7
38.Kg2 Qg7 39.Qb2 Rc8 40.Re1 Qh7 41.c4 Nxf3 42.Nxf3 Nf6 43.cxd5 Bd7 44.Rde4 Qg8
45.Re5 Rc5 46.Rxg5 Qf7 47.Rge5 Rg8 48.Qd4  1-0

[Event "ARM-ch"]
[Site "Yerevan"]
[Date "1994.??.??"]
[Round "?"]
[White "Minasian, Artashes"]
[Black "Manukian, Lernik"]
[Result "0-1"]
[WhiteElo "2270"]
[BlackElo "2345"]

1.e4 c5 2.Nf3 e6 3.d4 cxd4 4.Nxd4 Nc6 5.Nc3 a6 6.g3 Nge7 7.Nb3 d6 8.Bg2 b5
9.O-O Bb7 10.f4 Ng8 11.Be3 Nf6 12.Kh1 h5 13.h3 Qc7 14.Qe2 Be7 15.Rad1 Rc8
16.a3 Ba8 17.Nd4 Na5 18.Bc1 Nc4 19.Rd3 Nd7 20.b4 Bf6 21.Rfd1 Bxd4 22.Rxd4 Nxa3
23.Rxd6 Qxc3 24.Rxd7 Nxc2 25.R7d3 Qc4 26.Bb2 O-O 27.Qxh5 Bxe4 28.Bxg7 Kxg7
29.Qe5+ f6 30.Qxe4 Qxe4 31.Bxe4 Nxb4 32.Rd6 f5 33.Bb7 Rc3 34.Bxa6 Rxg3 35.Kh2 Re3
36.Bxb5 Nd5 37.Rd7+ Kf6 38.R7xd5 exd5 39.Rxd5 Rb8 40.Kg2 Rb3 41.Be2 Re8 42.Kf1 Rb1+
43.Kf2 Rb2  0-1

[Event "ARM-ch"]
[Site "Yerevan"]
[Date "1994.??.??"]
[Round "?"]
[White "Minasian, Artashes"]
[Black "Manukian, Lernik"]
[Result "1-0"]
[WhiteElo "2545"]
[BlackElo "2345"]

1.e4 c5 2.Nf3 e6 3.Nc3 Nc6 4.d4 cxd4 5.Nxd4 d6 6.f4 Nf6 7.Nf3 Be7 8.Bd3 e5
9.O-O Be6 10.f5 Bd7 11.Nd5 Nxd5 12.exd5 Nb4 13.Be4 Qc8 14.c3 Na6 15.Nd2 Bg5
16.Qg4 Bf6 17.Kh1 Bb5 18.Re1 Nc5 19.c4 Bd7 20.b4 Na6 21.Rb1 Rb8 22.Bd3 h5
23.Qf3 Be7 24.c5 f6 25.Nc4 b5 26.Nxd6+ Bxd6 27.cxd6 Qc3 28.Bb2 Qd2 29.Bxe5 fxe5
30.Rxe5+ Kf8 31.f6 g5 32.Qe4 Rh6 33.Re7  1-0

[Event "Zabrzanski Wrzesien op"]
[Site "Zabrzanski Wrzesien"]
[Date "1994.??.??"]
[Round "?"]
[White "Dubiel, Jacek"]
[Black "Bartosik, Olimpia"]
[Result "1-0"]
[WhiteElo "2400"]
[BlackElo "2115"]

1.e4 c5 2.Nf3 Nc6 3.Nc3 e6 4.d4 cxd4 5.Nxd4 Nf6 6.Be2 a6 7.O-O d6 8.Be3 Bd7
9.f4 Be7 10.Qe1 Rc8 11.Qg3 O-O 12.Kh1 b5 13.e5 Ne8 14.Bd3 g6 15.Rad1 Ng7
16.exd6 Bxd6 17.Ne4 Be7 18.Qf2 Nb4 19.Nb3 Nd5 20.Bc1 Qc7 21.Ng3 a5 22.Be4 a4
23.Nd4 Nf6 24.Bf3 Bc5 25.Be3 Nge8 26.Qe2 Nd6 27.c3 Nc4 28.Bg1 Rfd8 29.Ne4 Nxe4
30.Bxe4 Nd6 31.Bd3 Qb7 32.Bf2 Re8 33.Rd2 f6 34.Nf3 Nf7 35.Bxc5 Rxc5 36.Be4 Qc7
37.Rfd1 Bc8 38.Nd4 Qxf4 39.Bc6 Re7 40.Bxb5 Rh5 41.Nf3 Bb7 42.Rd4 Qc7 43.Bxa4 Qa5
44.Bb3 Ne5 45.Nxe5 Rxe5 46.Qc4 Rg5 47.Rg4 Rc5 48.Qd3 Bd5 49.c4 f5 50.Rd4 Be4
51.Rd8+ Kf7 52.Qe3 Re5 53.Qh6 Bxg2+ 54.Kxg2 Re2+ 55.Kf3 Qe5 56.Qf8+  1-0

[Event "Zabrzanski Wrzesien op"]
[Site "Zabrzanski Wrzesien"]
[Date "1994.??.??"]
[Round "?"]
[White "Protaziuk, Anna"]
[Black "Kruszynski, Wlodzimierz"]
[Result "0-1"]
[WhiteElo "2075"]
[BlackElo "2375"]

1.e4 c5 2.Nf3 e6 3.d4 cxd4 4.Nxd4 Nc6 5.Nc3 a6 6.Be3 Qc7 7.Bd3 Nf6 8.O-O Ne5
9.h3 Bc5 10.Qe2 d6 11.f4 Ng6 12.f5 Ne5 13.Kh1 b5 14.a4 Qa7 15.Qf2 Neg4 16.hxg4 Nxg4
17.Qg3 Nxe3 18.Qxe3 Bxd4 19.Qd2 b4 20.Ne2 Bxb2 21.Rab1 Be5 22.Rxb4 Qe7 23.Nf4 Qh4+
24.Kg1 Qf6 25.Nd5 Qh4 26.Nf4 O-O 27.Qe3 Qg5 28.Nd5 Qh4 29.Nf4 Qh6 30.Qf3 a5
31.Rc4 Ba6 32.Rc6 Bd4+ 33.Rf2 Bxd3 34.cxd3 Rab8 35.Rxd6 Rb1+  0-1

[Event "Zabrzanski Wrzesien op"]
[Site "Zabrzanski Wrzesien"]
[Date "1994.??.??"]
[Round "?"]
[White "Hnydiuk, Aleksander"]
[Black "Kazek, Krzysztof"]
[Result "1-0"]
[WhiteElo "2220"]
[BlackElo "2310"]

1.e4 c5 2.Nf3 e6 3.d4 cxd4 4.Nxd4 Nc6 5.Nc3 Qc7 6.g4 a6 7.Bg2 d6 8.O-O Nf6
9.Be3 Be7 10.a4 Rb8 11.Qe2 O-O 12.Rad1 Bd7 13.h3 Rbc8 14.g5 Nxd4 15.Bxd4 e5
16.Be3 Be6 17.Qd2 Nd7 18.Rc1 Nb6 19.Nd5 Bxd5 20.exd5 Nxa4 21.c4 Nc5 22.Qc3 a5
23.f4 f6 24.f5 Qb6 25.Ra1 Ra8 26.Ra3 Ra6 27.Kh1 Rc8 28.Rfa1 Bd8 29.Bd2 Rca8
30.h4 a4 31.Be3 Qc7 32.Qb4 Nb3 33.R1a2 Qa5 34.Rxb3  1-0

[Event "Zalakaros op"]
[Site "Zalakaros"]
[Date "1994.??.??"]
[Round "3"]
[White "Horvath, Tamas"]
[Black "Bardossi, Jeno"]
[Result "0-1"]
[WhiteElo "2475"]
[BlackElo "2200"]

1.e4 c5 2.Nf3 e6 3.d4 cxd4 4.Nxd4 Nc6 5.Nc3 Qc7 6.g3 Nf6 7.Ndb5 Qb8 8.Bf4 e5
9.Bg5 a6 10.Bxf6 gxf6 11.Na3 Bxa3 12.bxa3 Ne7 13.Bg2 Qc7 14.Qd2 d6 15.O-O Be6
16.Nd1 h5 17.h4 Nc6 18.Ne3 Rc8 19.c3 Na5 20.Rfd1 Nc4 21.Nxc4 Qxc4 22.Qxd6 Qxc3
23.Rab1 Qc7 24.Qb4 Bxa2 25.Rb2 Be6 26.Rbd2 Qe7 27.Qb6 Kf8 28.Rd6 Kg7 29.Kh2 Qc7
30.Qb4 Rhd8 31.Bf3 a5 32.Qb6 Rxd6 33.Rxd6 Qxb6 34.Rxb6 Bg4 35.Bxg4 hxg4 36.Rxb7 Rc3
37.Ra7 Rxa3 38.Kg2 Ra4 39.Ra8 Kh7 40.Ra7 Kg7 41.Ra6 Ra2 42.Kg1 a4 43.Kg2 a3
44.Kg1 Re2 45.Rxa3 Rxe4 46.Kf1 Rb4 47.Ra5 Kg6 48.Ra7 f5 49.Ra8 f6 50.Rg8+ Kh7
51.Rc8 f4 52.gxf4 Rxf4 53.Kg2 Rf3 54.Rc4 f5 55.Rc6 e4 56.Re6 Kg7 57.Ra6 Rh3
58.Ra7+ Kg6 59.Ra6+ Kh5 60.Rf6 Rf3  0-1

[Event "Zalakaros op"]
[Site "Zalakaros"]
[Date "1994.??.??"]
[Round "5"]
[White "Czebe, Attila"]
[Black "Boronyak, Arpad"]
[Result "1-0"]
[WhiteElo "2355"]
[BlackElo "2325"]

1.e4 c5 2.Nf3 e6 3.d4 cxd4 4.Nxd4 Nc6 5.Nc3 Nf6 6.Ndb5 d6 7.Bf4 e5 8.Bg5 a6
9.Na3 b5 10.Bxf6 gxf6 11.Nd5 f5 12.Bd3 Be6 13.O-O Bg7 14.Qh5 f4 15.c4 b4
16.Nc2 a5 17.c5 O-O 18.cxd6 Qxd6 19.Rfd1 Ne7 20.Nxf4 Ng6 21.Nxg6 fxg6 22.Qe2 Qb6
23.Ne3 Bh6 24.Bc4 Bxc4 25.Nxc4 Qa7 26.Rd3 Rac8 27.Ne3 Bxe3 28.Rxe3 Rfd8 29.Rd1 Rxd1+
30.Qxd1 Qd4 31.Qb3+ Kg7 32.h3 Rc4 33.Kh2 Qc5 34.Qa4 Rc2 35.Qd7+ Kh6 36.Qf7 Rxb2
37.h4 Qc8 38.h5 Qg4 39.Qf8+ Kxh5 40.Rh3+ Kg5 41.Rg3 Qxg3+ 42.Kxg3 Rxa2 43.Qe7+ Kh6
44.Kg4  1-0

[Event "Zalakaros op"]
[Site "Zalakaros"]
[Date "1994.??.??"]
[Round "9"]
[White "Czebe, Attila"]
[Black "Varga, Zoltan"]
[Result "1-0"]
[WhiteElo "2355"]
[BlackElo "2450"]

1.e4 c5 2.Nf3 Nc6 3.d4 cxd4 4.Nxd4 e6 5.Nc3 Qc7 6.Be3 Nf6 7.Bd3 a6 8.O-O Be7
9.Kh1 b5 10.f4 b4 11.Na4 Bb7 12.Nb3 d6 13.Rc1 O-O 14.c3 Qd8 15.Bb1 a5 16.Rf2 Qe8
17.Nb6 Rd8 18.cxb4 axb4 19.Bd3 Nb8 20.Nd4 e5 21.Nb5 Na6 22.Na7 Nxe4 23.Bb5 Bh4
24.Bxe8 Bxf2 25.Qe2 Bxe3 26.Qxe3 exf4 27.Qxf4 Rfxe8 28.Nc6 Bxc6 29.Rxc6 Nac5
30.Rc7 Nf6 31.Qh4 Re4 32.Qg3 b3 33.axb3 Re2 34.h3 Nce4 35.Qh4 g5 36.Qh6 Re1+
37.Kh2 g4 38.g3 Re2+ 39.Kg1 Re1+ 40.Kg2 Re2+ 41.Kg1 gxh3 42.Qxh3 Re3 43.Rc8 Rxc8
44.Qxc8+ Kg7 45.Nd7 Rxg3+ 46.Kf1 Rxb3 47.Qf8+ Kg6 48.Qe7 Rxb2 49.Nf8+ Kf5
50.Qxf7 h5 51.Ne6 d5 52.Nd4+ Ke5 53.Qa7 Kf4 54.Qc7+ Kg4 55.Qc8+ Kg3 56.Ne2+ Kh4
57.Qc7 Kg5 58.Qe5+  1-0

[Event "Aars"]
[Site "Aars"]
[Date "1995.??.??"]
[Round "8"]
[White "Hansen, Sune Berg"]
[Black "Hansen, Curt"]
[Result "1/2-1/2"]
[WhiteElo "2490"]
[BlackElo "2635"]

1.e4 c5 2.Nf3 e6 3.d4 cxd4 4.Nxd4 Nc6 5.Nc3 a6 6.Be3 Qc7 7.Be2 Nf6 8.O-O Bb4
9.Na4 O-O 10.Nxc6 bxc6 11.Nb6 Rb8 12.Nxc8 Qxc8 13.e5 Nd5 14.Bc1 Bc5 15.Qd3 Qc7
16.Qe4 f5 17.exf6 Rxf6 18.Bd3 g6 19.Kh1 Bxf2 20.Bg5 Rf5 21.Qe2 Bg1 22.Kxg1 Rxg5
23.Qf3 Qe5 24.Rae1 Qg7 25.c4 Rxb2 26.cxd5 Rbxg2+ 27.Kh1 Rxh2+ 28.Kxh2 Qh6+
29.Qh3 Rh5 30.Rf3 Rxh3+ 31.Rxh3 Qf4+ 32.Kg2 cxd5 33.Bxa6 Qa4 34.Bd3 Qxa2+
35.Re2 Qa4 36.Rf3 Qg4+ 37.Rg3 Qb4 38.Rf3 Kg7 39.Ref2 e5 40.Rf7+ Kh6 41.Kh1 Qe1+
42.Bf1 e4 43.Rh2+ Kg5 44.Rg2+ Kh6 45.Rh2+  1/2-1/2

[Event "Aceimar op"]
[Site "Aceimar"]
[Date "1995.??.??"]
[Round "?"]
[White "Gonzalez Diaz, Diego"]
[Black "Paunovic, Dragan"]
[Result "1/2-1/2"]
[WhiteElo "2250"]
[BlackElo "2460"]

1.e4 c5 2.Nf3 Nc6 3.d4 cxd4 4.Nxd4 e6 5.Nc3 Qc7 6.Be3 a6 7.Bd3 Nf6 8.O-O h5
9.h3 Nxd4 10.Bxd4 Bc5 11.Be2 Qd6 12.Bxf6 Qxd1 13.Rfxd1 gxf6 14.Na4 d6 15.Nxc5 dxc5
16.Rd3 Bd7 17.Rc3 Rc8 18.h4 Ke7 19.Rd1 Rc7 20.g3 a5 21.a3 b5 22.b4 axb4 23.axb4 c4
24.Ra3 Bc6 25.f3 e5 26.Kf2 Rd7 27.Rxd7+ Bxd7 28.Ra7 Kd6 29.Ra6+ Ke7 30.Ra7 Kd6
31.Ra6+ Ke7  1/2-1/2

[Event "Aceimar op"]
[Site "Aceimar"]
[Date "1995.??.??"]
[Round "?"]
[White "Gonzalez Diaz, Diego"]
[Black "Saramos, R."]
[Result "0-1"]
[WhiteElo "2250"]
[BlackElo "2375"]

1.e4 c5 2.Nf3 e6 3.d4 cxd4 4.Nxd4 Nc6 5.Nc3 Qc7 6.Be3 a6 7.Bd3 Nf6 8.O-O Ne5
9.h3 Bc5 10.Kh1 d6 11.f4 Ned7 12.Re1 O-O 13.Nf3 b5 14.e5 dxe5 15.Bxc5 Nxc5
16.fxe5 Nxd3 17.cxd3 Nd7 18.Rc1 Qb6 19.d4 Bb7 20.Ne4 Rad8 21.Qd3 h6 22.Qe3 Bd5
23.Nh2 f6 24.Nc3 Bb7 25.exf6 Rxf6 26.Ng4 Rg6 27.Ne2 e5 28.dxe5 Bxg2+ 29.Kh2 Qxe3
30.Nxe3 Be4 31.Nf4 Nxe5 32.Nxg6 Nf3+ 33.Kg3 Nxe1 34.Nf4 Nf3 35.Rc7 Nd4 36.Nh5 Ne6
37.Re7 Bg6 38.Rxe6 Bxh5 39.Rxa6 Rf8 40.Nd5 Rf3+ 41.Kg2 Rd3 42.Nf4 Rd2+ 43.Kg3 Bf7
44.b3 g5 45.Ne6 Rd3+ 46.Kg4 Rd5 47.b4 Re5 48.Nc5 h5+ 49.Kg3 Re3+ 50.Kh2 h4
51.a4 bxa4 52.Rxa4 Bd5 53.Ra1 Re2+ 54.Kg1 Rg2+ 55.Kf1 Rb2 56.Ra3 g4  0-1

[Event "Aegina op"]
[Site "Aegina"]
[Date "1995.??.??"]
[Round "5"]
[White "Cela, Altin"]
[Black "Saltaev, Mihail"]
[Result "1-0"]
[WhiteElo "2380"]
[BlackElo "2520"]

1.e4 c5 2.Nf3 e6 3.d4 cxd4 4.Nxd4 Nc6 5.Nc3 Qc7 6.Be2 Nf6 7.O-O a6 8.Kh1 d6
9.Be3 Be7 10.f4 O-O 11.Qe1 Bd7 12.Qg3 b5 13.a3 Nxd4 14.Bxd4 Bc6 15.Rae1 Rae8
16.Bf3 Qd7 17.Rd1 Qb7 18.Rfe1 Rd8 19.Nd5 Ne8 20.Bc3 Kh8 21.Bb4 Bf6 22.Nxf6 gxf6
23.Qh4 Rg8 24.Re3 Rg7 25.e5 Bxf3 26.Rxf3 Qe4 27.Qf2 d5 28.exf6 Rg6 29.Re1 Qf5
30.Re5 Qxf6 31.Bc3 d4 32.Bxd4 Kg8 33.f5 Rg4 34.fxe6 Rgxd4 35.Rxf6 Rd1+ 36.Re1 Nxf6
37.e7 Rxe1+ 38.Qxe1 Re8 39.Qg3+ Kh8 40.Qe5 Kg7 41.Qg5+  1-0

[Event "Aegina op"]
[Site "Aegina"]
[Date "1995.??.??"]
[Round "8"]
[White "Arakhamia, Ketevan"]
[Black "Vratonjic, Slobodan"]
[Result "1/2-1/2"]
[WhiteElo "2420"]
[BlackElo "2445"]

1.e4 c5 2.Nf3 e6 3.d4 cxd4 4.Nxd4 Nc6 5.Nc3 Qc7 6.Be2 Nf6 7.O-O Be7 8.Be3 O-O
9.f4 d6 10.Kh1 a6 11.a4 Re8 12.Bf3 Rb8 13.Qd2 Bd7 14.Nb3 b6 15.g4 Bc8 16.g5 Nd7
17.Qf2 Bf8 18.Bg2 g6 19.Rad1 Bb7 20.Bc1 Bg7 21.Rd3 Ne7 22.Rfd1 d5 23.f5 exf5
24.exd5 Qd6 25.Bf4 Be5 26.Bxe5 Nxe5 27.Rh3 Ng4 28.Qd4 Rbd8 29.Kg1 Nc8 30.a5 b5
31.Nc5 Ba8 32.Rg3 b4 33.N3e4 fxe4 34.Nxe4 Rxe4 35.Bxe4 Ne5 36.Bg2 Ne7 37.Re1 N5c6
38.Qe4 Qc5+ 39.Qe3 Rxd5 40.Qxc5 Rxc5 41.Bxc6 Nxc6 42.Re8+ Kg7 43.Rxa8 Rxa5
44.h4 h6 45.Rc8 Ne7 46.Rc7 Re5 47.c4 bxc3 48.bxc3 hxg5 49.hxg5 Nf5 50.Rg4 Ne3
51.Rf4 Rxg5+ 52.Kf2 Nf5 53.c4 Rh5 54.c5 Rh2+ 55.Kf3 Rc2 56.Ra4 Kf6 57.Rxa6+  1/2-1/2

[Event "Agios Nikolaos op"]
[Site "Agios Nikolaos"]
[Date "1995.??.??"]
[Round "2"]
[White "Pavlovic, Milos"]
[Black "Perdomo, Carlos"]
[Result "1-0"]
[WhiteElo "2505"]
[BlackElo "2345"]

1.e4 c5 2.Nf3 e6 3.d4 cxd4 4.Nxd4 Nc6 5.Nc3 Qc7 6.Be2 Nf6 7.O-O a6 8.Kh1 Bb4
9.Qd3 O-O 10.Bg5 Bxc3 11.bxc3 Qe5 12.f4 Qxe4 13.Qg3 Qg6 14.Bd3 Ne4 15.Bxe4 Qxe4
16.f5 Nxd4 17.Bf6 g6 18.cxd4 exf5 19.Qg5 Qe6 20.d5 h6 21.Qh4 Qb6 22.Rab1 Qd6
23.Rxf5 gxf5 24.Qxh6 Qxf6 25.Qxf6  1-0

[Event "Agios Nikolaos op"]
[Site "Agios Nikolaos"]
[Date "1995.??.??"]
[Round "8"]
[White "Arakhamia, Ketevan"]
[Black "Beshukov, Sergei"]
[Result "1-0"]
[WhiteElo "2400"]
[BlackElo "2500"]

1.e4 c5 2.Nf3 e6 3.d4 cxd4 4.Nxd4 Nc6 5.Nc3 d6 6.Be2 Nf6 7.O-O Be7 8.Be3 O-O
9.f4 e5 10.Nb3 exf4 11.Rxf4 Ne8 12.Qd2 Bg5 13.Rf2 Bxe3 14.Qxe3 Nf6 15.Rd1 Qe7
16.Qf4 Ne5 17.Nd4 Ng6 18.Qg3 Nxe4 19.Nxe4 Qxe4 20.Qxd6 Ne5 21.h3 Qe3 22.Nb5 Be6
23.Nc7 Rac8 24.b3 Nc6 25.Rd3 Qc1+ 26.Rf1 Qxc2 27.Nxe6 fxe6 28.Rdf3 Rfe8 29.Bc4 Qg6
30.Bxe6+ Qxe6 31.Rf8+ Rxf8 32.Qxe6+ Kh8 33.Rf7 Rb8 34.Rxf8+ Rxf8 35.Qd7 Nd8
36.b4 a6 37.a4 h6 38.Qe7 Kg8 39.h4 h5 40.a5 g6 41.Kh2 Rf7 42.Qxd8+ Kg7 43.g4 hxg4
44.Kg3 Kh7 45.Kxg4 Kg7 46.Qd5 Re7 47.Kg5 Rf7 48.Qe5+ Kh7 49.Qe4 Rf5+ 50.Qxf5  1-0

[Event "Alma Ata"]
[Site "Alma Ata"]
[Date "1995.??.??"]
[Round "7"]
[White "Barua, Dibyendu"]
[Black "Fominyh, Alexander"]
[Result "1/2-1/2"]
[WhiteElo "2515"]
[BlackElo "2520"]

1.e4 c5 2.Nf3 e6 3.d4 cxd4 4.Nxd4 Nc6 5.Nc3 Qc7 6.Be2 a6 7.a4 Nf6 8.O-O Be7
9.Nb3 b6 10.f4 O-O 11.e5 Ne8 12.Bd3 d6 13.Qf3 dxe5 14.a5 f5 15.fxe5 bxa5
16.Bf4 Rb8 17.Kh1 g5 18.Qg3 Kh8 19.Bd2 Qxe5 20.Qh3 g4 21.Qh6 Qg7 22.Nxa5 Nxa5
23.Rxa5 Bd8 24.Ra4 Bf6 25.Bxa6 Bxa6 26.Rxa6 Nc7 27.Ra7 Qxh6 28.Bxh6 Rfc8
29.Na4 Nd5 30.c3 Kg8 31.Rd1 Rc6 32.Kg1 Rbc8 33.Re1 R8c7 34.Rxc7 Nxc7 35.Kf1 Nb5
36.Bd2 Kf7 37.b4 Nd6 38.Rc1 Ne4 39.Ke2 Rd6 40.Rc2 Ra6 41.Nb2 Ra3 42.Kd3 h5
43.Nc4 Ra1 44.b5 Nc5+ 45.Ke2 Rg1 46.Kf2 Rb1 47.Ke2 Rg1 48.Kf2 Rb1 49.Ke2 Na4
50.h3 gxh3 51.gxh3 Ke7 52.Ne3 Rb3 53.c4 Bd4 54.Ra2 Bc5 55.Nf1 Nb2 56.Bg5+ Kd7
57.Nd2 Rb4  1/2-1/2

[Event "Donner mem op"]
[Site "Amsterdam"]
[Date "1995.??.??"]
[Round "2"]
[White "Wapner, Jonathan"]
[Black "Langeweg, Kick"]
[Result "1/2-1/2"]
[WhiteElo "2195"]
[BlackElo "2375"]

1.e4 c5 2.Nf3 e6 3.d4 cxd4 4.Nxd4 Nc6 5.Nc3 Qc7 6.g3 a6 7.Bg2 Nf6 8.O-O Nxd4
9.Qxd4 Bc5 10.Qd3 d6 11.Bf4 h6 12.Rad1 e5 13.Be3 Ke7 14.f4 Be6 15.fxe5 dxe5
16.Nd5+ Bxd5 17.exd5 Qd6 18.Bxc5 Qxc5+ 19.Kh1 Qd6 20.c4 Rhd8 21.Qc3 Rac8
22.b4 b6 23.a3 Kf8 24.Rc1 e4 25.Qe3 b5 26.c5 Qxd5 27.Rxf6 gxf6 28.Qxh6+ Kg8
29.Qxf6 Rc6 30.Qh4 Re6 31.Rf1 Qd4 32.Qg5+ Kf8 33.Qf5 Re7 34.Qh5 e3 35.Bf3 Qe5  1/2-1/2

[Event "Donner mem op"]
[Site "Amsterdam"]
[Date "1995.??.??"]
[Round "2"]
[White "Ostojic, Predrag"]
[Black "Cifuentes Parada, Roberto"]
[Result "0-1"]
[WhiteElo "2335"]
[BlackElo "2525"]

1.e4 c5 2.Nf3 e6 3.d4 cxd4 4.Nxd4 Nc6 5.Nc3 Nf6 6.g3 Qb6 7.Nb3 Bb4 8.Bg2 d5
9.exd5 Nxd5 10.Bd2 Nxc3 11.bxc3 Be7 12.c4 O-O 13.O-O Bf6 14.c5 Qa6 15.c3 Rd8
16.Qc2 e5 17.Rfd1 Be6 18.Be3 Rxd1+ 19.Rxd1 Rd8 20.Rxd8+ Bxd8 21.Be4 g6 22.Qd2 Be7
23.Bd5 Bxd5 24.Qxd5 Qxa2 25.Bh6 Bf8 26.Bxf8 Kxf8 27.Qd6+ Kg7 28.Nd2 Qa1+
29.Kg2 Qxc3 30.Ne4 Qd4 31.Qf6+ Kg8 32.Nd6 Qd5+ 33.f3 Qe6 34.Qxe6 fxe6 35.Nxb7 a5
36.Nd6 a4 37.Nc4 Kf8 38.Kf2 Ke7 39.Ke3 Kd8 40.Kd3 Kc7 41.Kc3 Kb7 42.Nb6 Nd4
43.Nxa4 Nxf3 44.h4 Kc6 45.Kd3 Nh2 46.Nc3 h5 47.Kc4 Nf1 48.Ne4 Ne3+ 49.Kd3 Nf5
50.Kc4 Nd4 51.Nf6 Nf5 52.Ne4 Kc7 53.Kb5 Nd4+ 54.Kc4 Kd7 55.Nf6+ Kc6 56.Ng8 Nf5
57.Kb4 e4 58.Kc4 e3 59.Kd3 Kxc5 60.Nf6 Kd6  0-1

[Event "Donner mem op"]
[Site "Amsterdam"]
[Date "1995.??.??"]
[Round "3"]
[White "Nijboer, Friso"]
[Black "Kalinin, Alexander"]
[Result "1-0"]
[WhiteElo "2485"]
[BlackElo "2365"]

1.e4 c5 2.Nf3 Nc6 3.d4 cxd4 4.Nxd4 e6 5.Nc3 Qc7 6.Be3 a6 7.Bd3 Nf6 8.O-O Ne5
9.h3 Bc5 10.f4 Nc6 11.Nf5 Bxe3+ 12.Nxe3 d6 13.Qe1 O-O 14.Qh4 Nb4 15.e5 dxe5
16.Ng4 Nxd3 17.Nxf6+ gxf6 18.Ne4 Nxf4 19.Rxf4 exf4  1-0

[Event "Euwe mem"]
[Site "Amsterdam"]
[Date "1995.??.??"]
[Round "3"]
[White "Topalov, Veselin"]
[Black "Kasparov, Gary"]
[Result "0-1"]
[WhiteElo "2630"]
[BlackElo "2805"]

1.e4 c5 2.Nf3 Nc6 3.d4 cxd4 4.Nxd4 e6 5.Nc3 d6 6.Be3 Nf6 7.f3 Be7 8.g4 O-O
9.Qd2 a6 10.O-O-O Nxd4 11.Bxd4 b5 12.Kb1 Bb7 13.h4 Rc8 14.g5 Nd7 15.Rg1 b4
16.Ne2 Ne5 17.Rg3 Nc4 18.Qc1 e5 19.Bf2 a5 20.Bg2 Ba6 21.Re1 a4 22.Bh3 Rc6
23.Qd1 d5 24.exd5 Rd6 25.f4 Rxd5 26.Rd3 Na3+ 27.bxa3 Bxd3 28.cxd3 Rxd3  0-1

[Event "Euwe mem"]
[Site "Amsterdam"]
[Date "1995.??.??"]
[Round "4"]
[White "Kasparov, Gary"]
[Black "Lautier, Joel"]
[Result "0-1"]
[WhiteElo "2805"]
[BlackElo "2655"]

1.e4 c5 2.Nf3 e6 3.d4 cxd4 4.Nxd4 Nc6 5.Nc3 Qc7 6.Be3 a6 7.Bd3 Nf6 8.O-O Ne5
9.h3 Bc5 10.Kh1 d6 11.f4 Ned7 12.a3 b5 13.Bxb5 axb5 14.Ndxb5 Qb6 15.Bxc5 dxc5
16.Nd6+ Ke7 17.Nxc8+ Rhxc8 18.e5 Ne8 19.Qh5 h6 20.Rae1 f5 21.Rf3 c4 22.g4 fxg4
23.Qxg4 Ra5 24.Ne4 Qc6 25.Nd6 Nxd6 26.exd6+ Kf8 27.Rg1 g5 28.Rg3 Rf5 29.Qh5 Nf6
30.Qxh6+ Kf7 31.Kg1 Rg8  0-1

[Event "Ano Liosia op"]
[Site "Ano Liosia"]
[Date "1995.??.??"]
[Round "3"]
[White "Mainka, Romuald"]
[Black "Bousios, Hristos"]
[Result "1-0"]
[WhiteElo "2515"]
[BlackElo "2280"]

1.e4 c5 2.Nf3 e6 3.d4 cxd4 4.Nxd4 Nc6 5.Nc3 Bb4 6.Nb5 Nf6 7.a3 Bxc3+ 8.Nxc3 d5
9.exd5 Nxd5 10.Bd2 Nxc3 11.Bxc3 Qxd1+ 12.Rxd1 f6 13.Bc4 Bd7 14.O-O O-O-O
15.f4 Kc7 16.b4 Bc8 17.Rde1 Rhe8 18.Re4 e5 19.b5 Nd4 20.fxe5 fxe5 21.Bf7 Re7
22.Bb4 Red7 23.Rxe5 b6 24.c3 Nxb5 25.Rxb5 Ba6 26.a4 Bxb5 27.axb5 Rd1 28.Rxd1 Rxd1+
29.Kf2 Rd2+ 30.Kf3 Kd7 31.Bg8 h6 32.c4 Rd1 33.Bd5 Ra1 34.Kg4 Ke8 35.Kf5 Ra4
36.Bc3 Kf8 37.Kg6 a5 38.Bd4  1-0

[Event "Ano Liosia op"]
[Site "Ano Liosia"]
[Date "1995.??.??"]
[Round "5"]
[White "Mainka, Romuald"]
[Black "Mastrokoukos, Georgios"]
[Result "1/2-1/2"]
[WhiteElo "2515"]
[BlackElo "2425"]

1.e4 c5 2.Nf3 e6 3.d4 cxd4 4.Nxd4 Nc6 5.Nc3 Nf6 6.Ndb5 d6 7.Bf4 e5 8.Bg5 a6
9.Na3 b5 10.Nd5 Be7 11.Bxf6 Bxf6 12.c3 Bg5 13.Nc2 O-O 14.h4 Bh6 15.g3 Ne7
16.Ncb4 Be6 17.Bh3 a5 18.Nxe7+ Qxe7 19.Nd5 Qb7 20.Qd3 b4 21.c4 Rac8 22.Kf1 Rc5
23.Kg2 Bxd5 24.cxd5 Qc7 25.Rhe1 Ra8 26.Re2 a4 27.Rf1 a3 28.Rb1 Bc1 29.bxa3 Rxa3
30.Rb3 g6 31.Qb1 Rxb3 32.Qxb3 Ba3 33.Qa4 Rc1 34.Re3 Qc4 35.Kh2 Rc3 36.Rxc3 Qxc3  1/2-1/2

[Event "ARG-ch"]
[Site "?"]
[Date "1995.??.??"]
[Round "11"]
[White "Ricardi, Pablo"]
[Black "Dorin, Mauricio"]
[Result "1-0"]
[WhiteElo "2545"]
[BlackElo "2295"]

1.e4 c5 2.Nf3 e6 3.d4 cxd4 4.Nxd4 Nc6 5.Nc3 a6 6.Be2 Nge7 7.Be3 Nxd4 8.Qxd4 b5
9.a4 Nc6 10.Qb6 Qxb6 11.Bxb6 b4 12.Nb1 Bb7 13.Nd2 Be7 14.O-O-O Ne5 15.f4 Ng6
16.g3 O-O 17.Bf3 Rfc8 18.b3 Rc3 19.Bd4 Rc7 20.Nc4 Nf8 21.Rhf1 d6 22.Bb6 Rxc4
23.bxc4 Rc8 24.e5 Bxf3 25.Rxf3 dxe5 26.fxe5 Rxc4 27.Bd8 Bc5 28.Kb2 Ng6 29.Kb3 Re4
30.Bc7 Be7 31.Rd7 f6 32.Bd6 Bxd6 33.exd6 Ne5 34.Rd8+ Kf7 35.Rf4 Re3+ 36.Kb2 b3
37.Rb4 bxc2 38.Kxc2 Rd3 39.Rb7+ Kg6 40.Ra7 Rd4 41.Rxa6 h5 42.a5 h4 43.Rb6 Ra4
44.a6 hxg3 45.hxg3 Kf5 46.d7 g5 47.Rd6 g4 48.Ra8  1-0

[Event "ARG-ch"]
[Site "?"]
[Date "1995.??.??"]
[Round "13"]
[White "Rosito, Jorge"]
[Black "Dorin, Mauricio"]
[Result "1-0"]
[WhiteElo "2340"]
[BlackElo "2295"]

1.e4 c5 2.Nf3 e6 3.d4 cxd4 4.Nxd4 Nc6 5.Nc3 a6 6.Nxc6 bxc6 7.Bd3 d5 8.O-O Nf6
9.Qe2 Be7 10.b3 O-O 11.Bb2 Qc7 12.f4 c5 13.exd5 Nxd5 14.Nxd5 exd5 15.Rae1 Bd6
16.c4 d4 17.Qe4 g6 18.Qxa8 Bf5 19.Qf3  1-0